Sưu tầm và phân lập giống Thanh Long ruột trắng tại Bình Thuận
Đã lưu trong:
| Príomhúdar: | |
|---|---|
| Formáid: | Leabhar |
| Teanga: | Undetermined |
| Ábhair: | |
| Rochtain Ar Líne: | http://lrc.tdmu.edu.vn/opac/search/detail.asp?aID=2&ID=26522 |
| Clibeanna: |
Cuir Clib Leis
Gan Chlibeanna, Bí ar an gcéad duine leis an taifead seo a chlibeáil!
|
| Thư viện lưu trữ: | Trung tâm Học liệu Trường Đại học Thủ Dầu Một |
|---|
| LEADER | 00625nam a2200145Ia 4500 | ||
|---|---|---|---|
| 001 | TDMU_26522 | ||
| 008 | 210410s9999 xx 000 0 und d | ||
| 082 | |a 638.16 | ||
| 100 | |a Bảo Quốc | ||
| 245 | 0 | |a Sưu tầm và phân lập giống Thanh Long ruột trắng tại Bình Thuận | |
| 245 | 0 | |c Bảo Quốc | |
| 300 | |a Tr.12-13 | ||
| 650 | |a Nông - Lâm - Nghiệp; Thanh Long; Thanh Long ruột trắng; Phân lập; Giống; Bình Thuận | ||
| 856 | |u http://lrc.tdmu.edu.vn/opac/search/detail.asp?aID=2&ID=26522 | ||
| 980 | |a Trung tâm Học liệu Trường Đại học Thủ Dầu Một | ||